Poemas para la felicidad (Registro nro. 17759)

Detalles MARC
000 -LDR (LÍDER)
Campo de control de longitud fija 01747nam a2200337 a 4500
003 - IDENTIFICADOR DEL NÚMERO DE CONTROL
Campo de control CO-PeBPR
005 - FECHA Y HORA DE LA ÚLTIMA TRANSACCIÓN
Campo de control 20260423082555.0
008 - ELEMENTOS DE DATOS DE LONGITUD FIJA--INFORMACIÓN GENERAL
Campo de control de longitud fija 260415e2024 ck a|||| n||| 00| 0 spa c
020 ## - Código Internacional normalizado para libros
Código Internacional normalizado para libros 9789585675087
040 0# - FUENTE DE CATALOGACIÓN
Agencia catalogadora original CO-PeBPR
Idioma de la agencia catalogadora spa
Agencia que transcribe CO-PeBPR
Norma para la descripción rda
041 0# - Código del Idioma
Código idioma del recurso original spa
082 04 - NÚMERO DE CLASIFICACIÓN DECIMAL DEWEY
Número de clasificación (i) Co861 B517p
100 1# - ASIENTO PRINCIPAL--NOMBRE PERSONAL
Nombre personal Bernal Pinilla, Luis Darío
Fechas asociadas al nombre 1950
Términos de relación autor
245 10 - MENCIÓN DE TÍTULO
Título propiamente dicho Poemas para la felicidad
Mención de responsabilidad / Luis Darío Bernal Pinilla ; ilustraciones de María del Carmen Herrera
250 ## - MENCIÓN DE EDICIÓN
Mención de edición Edición especial
264 #1 - Área de la Producción Publicación, Distribución, Manufactura, etc.
Lugar de publicación, distribución, etc. Bogotá, Colombia
Nombre de la editorial, distribuidor, etc. : International Learning Services (ILS Colombia)
Fecha de publicación, distribución, etc. , 2024
300 ## - DESCRIPCIÓN FÍSICA
Extensión 64 páginas
Otros detalles físicos : ilustraciones a color
Dimensiones ; 21 centímetros
336 ## - Tipo de Contenido
Tipo de contenido texto
Código de tipo de contenido txt
Fuente rdacontenido
337 ## - Tipo de Medio
Tipo de Medio sin mediación
Código de tipo de medio n
Fuente rdamedio
338 ## - Tipo de Soporte
Tipo de soporte volumen
Código de tipo de soporte nc
Fuente rdasoporte
490 ## - MENCIÓN DE SERIE
Título de la serie Plan Nacional de Lectura, Escritura y Oralidad / Ministerio de las Culturas, las Artes y los Saberes
500 ## - NOTA GENERAL
Nota general Incluye índice.
500 ## - NOTA GENERAL
Nota general Contiene datos biográficos del autor.
520 ## - NOTA DE RESUMEN, ETC.
Nota de sumario Este texto ofrece un amplio y divertido material de adivinanzas, canciones de cuna, coplas, chanzas, villancicos, rimas , rimas numéricas, rimas plurales y rimas vocales, con los cuales los pequeños lectores pueden introducirse en el maravilloso mundo del lenguaje, que ofrece infinitas posibilidades de juego y descubrir, a la vez, que la buena literatura no es ajena a los aspectos lúdicos y didácticos que son tan importantes en esta etapa de sus vidas.
650 14 - ASIENTO SECUNDARIO DE MATERIA - TÉRMINO TEMÁTICO
Fuente del encabezado o término LEMB
Encabezamiento temático Literatura infantil colombiana
Subdivisión cronológica Siglo XXI
650 14 - ASIENTO SECUNDARIO DE MATERIA - TÉRMINO TEMÁTICO
Fuente del encabezado o término LEMB
Encabezamiento temático Canciones de cuna
650 14 - ASIENTO SECUNDARIO DE MATERIA - TÉRMINO TEMÁTICO
Fuente del encabezado o término LEMB
Encabezamiento temático Humorismo en la literatura
650 14 - ASIENTO SECUNDARIO DE MATERIA - TÉRMINO TEMÁTICO
Fuente del encabezado o término LEMB
Encabezamiento temático Adivinanzas en la literatura
700 1# - ASIENTO SECUNDARIO - NOMBRE PERSONAL
Nombre personal Herrera, María del Carmen
Término de relación, rol en la obra ilustradora
942 ## - ENTRADA DE ELEMENTOS AGREGADOS (KOHA
Fuente de clasificación o esquema de estantería. Dewey Decimal Classification
Tipo de ítem Literatura Infantil
Existencias
Estado de pérdida Fuente del sistema de clasificación o colocación Estado de daño No disponible para préstamo Colección Biblioteca de origen Biblioteca actual Ubicación en estantería Signatura topográfica completa Ejemplar Código de barras Tipo de ítem Fecha de adquisición Fuente de adquisición Total de pagos Fecha de la última vez visto
  Dewey Decimal Classification     Infantil Sala de Patrimonio Bibliográfico y Documental - Biblioteca Departamental Sala de Patrimonio Bibliográfico y Documental - Biblioteca Departamental Área Infantil (i) Co861 B517p Ej.1 RIBPD16123 Literatura Infantil 23/04/2026 Dotación MinCultura y BNC   23/04/2026